000
00298nam a22001217a 4500
999
_c
12908
_d
12908
008
211227b ||||| |||| 00| 0 eng d
110
_9
5185
_a
HMSO
245
1
0
_a
Survey of life saving appliances, Vol. 2
260
_a
London:
_b
HMSO,
_c
c
300
_a
x
650
0
_a
Marine Engineering
942
_c
BK